[Event "Zagreb CRO"]
[Site "?"]
[Date "2006.01.22"]
[Round "9"]
[White "Kozul Zdenko"]
[Black "Brkic Ante"]
[Result "1-0"]
[WhiteElo "2576"]
[BlackElo "2500"]
[PlyCount "55"]
[EventDate "2006.??.??"]
[Source "www.chesslib.no"]
[SourceDate "2004.05.04"]

1. d4 Nf6 2. Nc3 d5 3. Bg5 Nbd7 4. Qd3 c6 5. Nf3 b5 6. a3 a5 7. e4 b4 8. axb4 Ba6 9. b5 cxb5 10. Nxd5 Nxd5 11. exd5 b4 12. Qb3 Bxf1 13. Kxf1 Qb6 14. Qa4 f6 15. Bd2 Rc8 16. Ke2 g5 17. c3 Qa6+ 18. Kd1 bxc3 19. bxc3 Qd3 20. Qxa5 Rb8 21. Qa2 Qf5 22. h3 Rg8 23. c4 g4 24. hxg4 Rxg4 25. Qc2 Qxc2+ 26. Kxc2 Rxg2 27. Be3 f5 28. Nh4 1-0

[Event "Lewkowitz Memorial B"]
[Site "Lewkowitz Memorial B"]
[Date "1994.??.??"]
[Round "?"]
[White "Heilemann, Paul G"]
[Black "Podkrajsek, Janez"]
[Result "1/2-1/2"]
[WhiteElo "2530"]
[BlackElo "2540"]
[PlyCount "85"]
[EventDate "1994.??.??"]
[Source "www.chesslib.no"]
[SourceDate "2004.05.04"]

1. d4 Nf6 2. Nc3 d5 3. Bg5 Nbd7 4. Nf3 e6 5. e4 h6 6. Bxf6 Nxf6 7. Qd3 Be7 8. Be2 b6 9. Ne5 O-O 10. Nc6 Qd6 11. Nxe7+ Qxe7 12. O-O dxe4 13. Nxe4 Bb7 14. Bf3 Bxe4 15. Bxe4 Rad8 16. Rfd1 c5 17. Qe3 cxd4 18. Rxd4 Rxd4 19. Qxd4 Rd8 20. Qe5 Nxe4 21. Qxe4 Rd2 22. Qa8+ Kh7 23. Qe4+ g6 24. Rc1 Qf6 25. Qe3 Qd8 26. Qe1 Qd4 27. a4 e5 28. h3 e4 29. c3 Qd3 30. b4 f5 31. c4 f4 32. c5 bxc5 33. bxc5 e3 34. fxe3 Re2 35. Qd1 Qxe3+ 36. Kh1 h5 37. Qg1 Qe4 38. c6 f3 39. Qxa7+ Kh6 40. c7 Re1+ 41. Rxe1 Qxe1+ 42. Kh2 Qe5+ 43. Kg1 1/2-1/2

[Event "Skanska Open"]
[Site "Pardubice"]
[Date "2004.07.28"]
[Round "6"]
[White "Chernyshov, Konstantin"]
[Black "Geller, Jakov"]
[Result "1-0"]
[WhiteElo "2585"]
[BlackElo "2484"]
[PlyCount "107"]
[EventDate "2004.07.23"]
[Source "Roberto Alvarez"]
[SourceDate "2004.08.10"]

1. d4 d5 2. Nc3 Nf6 3. Bg5 Nbd7 4. f3 c6 5. e4 dxe4 6. fxe4 e5 7. dxe5 Qa5 8. exf6 Qxg5 9. fxg7 Bxg7 10. Qd2 Qc5 11. Nf3 O-O 12. Bd3 Ne5 13. Nxe5 Bxe5 14. O-O-O b5 15. Ne2 b4 16. Kb1 a5 17. Ng1 Bc3 18. Qf4 Be6 19. Nf3 f6 20. e5 a4 21. exf6 Bxf6 22. Qe4 Bxa2+ 23. Kxa2 b3+ 24. Kb1 bxc2+ 25. Bxc2 Ra7 26. Nd2 Rb8 27. Qc4+ Qxc4 28. Nxc4 a3 29. Be4 Ra4 30. Bd3 axb2 31. Rhf1 Ra1+ 32. Kc2 Ra2 33. Rb1 Bd4 34. Nd6 Ra7 35. Rf4 Be5 36. Bc4+ Kg7 37. Rg4+ Kf6 38. Nf7 Bxh2 39. Rf1+ Ke7 40. Ng5 Be5 41. Re4 b1=Q+ 42. Rxb1 Rxb1 43. Kxb1 Kf6 44. Nf3 Bb8 45. g4 h6 46. Re6+ Kg7 47. Nd4 Bf4 48. Rxc6 Bg5 49. Kc2 Bf6 50. Ne6+ Kg6 51. Bd3+ Kf7 52. Nf4 Ra4 53. Bc4+ Ke7 54. Kb3 1-0

[Event "DSV-Turnier"]
[Site "Halle"]
[Date "1974.??.??"]
[Round "?"]
[White "Mueller, Klaus Uwe"]
[Black "Smejkal, Jan"]
[Result "0-1"]
[WhiteElo "2465"]
[BlackElo "2600"]
[PlyCount "74"]
[EventDate "1974.??.??"]
[Source "ChessBase"]

1. d4 Nf6 2. Nc3 d5 3. Bg5 Nbd7 4. Nf3 g6 5. e4 Nxe4 6. Nxe4 dxe4 7. Nd2 Nf6 8. c3 Bg7 9. Bc4 O-O 10. O-O Bf5 11. Re1 Qd7 12. Bxf6 Bxf6 13. Nxe4 Bxe4 14. Rxe4 b5 15. Bb3 a5 16. a3 b4 17. Qe2 bxc3 18. bxc3 Rab8 19. Bc4 c5 20. h4 cxd4 21. cxd4 Rb6 22. Re1 Bxd4 23. Rxe7 Qf5 24. g4 Qf6 25. g5 Qf5 26. Rd1 Rb2 27. Rxd4 Rxe2 28. Bxe2 Qc5 29. Rdd7 Qxa3 30. Kg2 Qb4 31. Kg3 a4 32. Bf3 Qb8+ 33. Kg2 a3 34. Bd5 Qf4 35. Re4 Qf5 36. Rd6 a2 37. Ra4 Qe5 0-1

[Event "JUG Cup"]
[Site "Ulcinj"]
[Date "1998.??.??"]
[Round "6"]
[White "Drazic, Sinisa"]
[Black "Nevednichy, Vladislav"]
[Result "1-0"]
[WhiteElo "2515"]
[BlackElo "2550"]
[PlyCount "75"]
[EventDate "1998.??.??"]
[Source "www.chesslib.no"]
[SourceDate "2004.05.04"]

1. d4 Nf6 2. Nc3 d5 3. Bg5 Nbd7 4. Nf3 h6 5. Bh4 a6 6. a3 b6 7. Ne5 Bb7 8. e3 e6 9. f4 Rg8 10. Bd3 g5 11. Bg3 gxf4 12. exf4 c5 13. O-O cxd4 14. Ne2 Nxe5 15. fxe5 Ng4 16. Nxd4 h5 17. Qf3 Qe7 18. h3 Bh6 19. Bf4 Bxf4 20. Qxf4 O-O-O 21. c3 Kb8 22. hxg4 Rxg4 23. Qf6 Qxf6 24. Rxf6 Rdg8 25. Bf1 Re4 26. Rxf7 Rxe5 27. Re7 h4 28. Bxa6 Ba8 29. Kh2 Reg5 30. Bf1 b5 31. Nf3 Rg3 32. Ne5 d4 33. Nd7+ Kc8 34. Nb6+ Kd8 35. Rd7+ Ke8 36. Re1 Re3 37. Rxe3 dxe3 38. Rd3 1-0

[Event "II Campionato Italiano Lampo Online"]
[Site "playchess.com"]
[Date "2007.12.23"]
[Round "1.2"]
[White "Napoli, Nicolò"]
[Black "Brunello, Sabino"]
[Result "1-0"]
[WhiteElo "2747"]
[BlackElo "2318"]
[PlyCount "153"]
[EventDate "2007.12.23"]
[Source "www.chesslib.no"]
[SourceDate "2004.05.04"]

1. d4 Nf6 2. Nc3 d5 3. Bg5 c6 4. Qd3 Nbd7 5. f3 Qa5 6. Bd2 Qb6 7. Na4 Qc7 8. e4 e5 9. Ne2 dxe4 10. fxe4 Be7 11. Qg3 Nxe4 12. Qxg7 Bf6 13. Qh6 Nxd2 14. Qxd2 exd4 15. Nxd4 Qe5+ 16. Qe2 Qxe2+ 17. Nxe2 O-O 18. O-O-O Ne5 19. Nf4 Ng4 20. Nd3 Bf5 21. h3 Ne3 22. Re1 Nd5 23. g4 Bg6 24. h4 h6 25. h5 Bh7 26. Kb1 Rfe8 27. Bg2 Ne3 28. Bf3 Bg5 29. Nac5 Re7 30. a3 Rd8 31. Re2 b6 32. Nb3 Rxd3 33. cxd3 Bxd3+ 34. Ka2 Bxe2 35. Bxe2 c5 36. Bf3 Kg7 37. Nd2 f5 38. gxf5 Nxf5 39. Ne4 Nd4 40. Nxg5 hxg5 41. Bg4 Kh6 42. Rf1 Re4 43. Rf6+ Kg7 44. Rg6+ Kh7 45. Rxg5 c4 46. Bc8 c3 47. bxc3 Re2+ 48. Kb1 Nf3 49. Rf5 Nd2+ 50. Kc1 Nc4 51. Ba6 Re3 52. Bxc4 Rxc3+ 53. Kb2 Rxc4 54. Rf7+ Kh6 55. Rxa7 Kxh5 56. Rb7 Rc6 57. Kb3 Kg5 58. Kb4 Kf5 59. Kb5 Rc1 60. Rxb6 Ke5 61. a4 Kd5 62. Rh6 Rb1+ 63. Ka6 Kc5 64. Rh5+ Kc6 65. a5 Rb2 66. Rh1 Kc7 67. Rc1+ Kb8 68. Rh1 Rb3 69. Rh8+ Kc7 70. Ka7 Rb5 71. Rh7+ Kc6 72. a6 Rb4 73. Rh1 Kc7 74. Rc1+ Kd7 75. Rc2 Kd6 76. Rc8 Rb6 77. Kxb6 1-0

[Event "Team ch (1. league)"]
[Site "?"]
[Date "1997.??.??"]
[Round "?"]
[White "Kosic Dragan"]
[Black "Nikcevic Nebojsa"]
[Result "0-1"]
[WhiteElo "2515"]
[BlackElo "2540"]
[PlyCount "59"]
[EventDate "1997.??.??"]
[Source "www.chesslib.no"]
[SourceDate "2004.05.04"]

1. d4 Nf6 2. Nc3 d5 3. Bg5 Nbd7 4. f3 c6 5. Qd2 e5 6. dxe5 Nxe5 7. e4 Be7 8. O-O-O O-O 9. f4 Ng6 10. e5 Ne8 11. Bxe7 Nxe7 12. Nf3 Bg4 13. Be2 Nc7 14. h3 Bxf3 15. Bxf3 f5 16. exf6 Rxf6 17. g4 Ng6 18. f5 Ne5 19. Be2 Qe7 20. Rhf1 Kf8 21. Qe3 Rh6 22. Rde1 Ng6 23. Rd1 Nb5 24. Na4 Kf7 25. Rf4 Kf6 26. Rff1 Rf8 27. Qg3 Ne5 28. Rde1 a6 29. Bd3 Qa3 30. Bxb5 0-1

[Event "USSR corr"]
[Site "USSR corr"]
[Date "1990.??.??"]
[Round "?"]
[White "Pyshkin, AleksandrSergeevich"]
[Black "Stepanov, V.M."]
[Result "1-0"]
[WhiteElo "2570"]
[BlackElo "2485"]
[PlyCount "99"]
[EventDate "1990.??.??"]
[Source "www.chesslib.no"]
[SourceDate "2004.05.04"]

1. d4 Nf6 2. Bg5 d5 3. Nc3 g6 4. Qd2 h6 5. Bf4 c5 6. O-O-O cxd4 7. Nb5 Na6 8. Qxd4 Bg7 9. e4 O-O 10. exd5 Bf5 11. Be5 Qa5 12. g4 Bxg4 13. Bxf6 Bxf6 14. Qxg4 Qxa2 15. c3 Rac8 16. Nf3 Rc5 17. Bd3 h5 18. Qe4 Rfc8 19. Bb1 Qa1 20. Nfd4 Nb4 21. Rd2 Bg5 22. Rg1 Bxd2+ 23. Kd1 Qa6 24. Ne6 Bg5 25. Rxg5 Rxd5+ 26. Rxd5 Nxd5 27. Qxd5 fxe6 28. Qd3 Kf8 29. c4 e5 30. b3 Qb6 31. Qe3 Qxe3 32. fxe3 a6 33. Nc3 b5 34. Bd3 bxc4 35. bxc4 Kf7 36. Na4 g5 37. c5 a5 38. Be4 Ke6 39. Ke2 g4 40. Kd3 h4 41. Kc4 Rb8 42. Nb6 Rd8 43. Nd5 g3 44. hxg3 hxg3 45. c6 Rg8 46. Nc7+ Kf6 47. Bg2 Rh8 48. Nb5 Rh4+ 49. Kd5 Rb4 50. Nc3 1-0

[Event "8th Open"]
[Site "Creon"]
[Date "2003.08.01"]
[Round "7"]
[White "Mihajlovskij, Sergei"]
[Black "Epishin, Vladimir"]
[Result "0-1"]
[WhiteElo "2411"]
[BlackElo "2642"]
[PlyCount "97"]
[EventDate "2003.07.28"]
[Source "Roberto Alvarez"]
[SourceDate "2003.08.11"]

1. d4 Nf6 2. Nc3 d5 3. Bg5 Nbd7 4. Nf3 c6 5. e3 g6 6. Bd3 Bg7 7. O-O O-O 8. Re1 Re8 9. e4 dxe4 10. Nxe4 Nxe4 11. Bxe4 Nf6 12. Bd3 Bg4 13. c3 Qd5 14. Be3 Bxf3 15. Qxf3 Qxf3 16. gxf3 e6 17. Red1 Bf8 18. Kg2 Be7 19. Rab1 a5 20. a4 Red8 21. Rd2 Rd5 22. Rbd1 Rad8 23. Be4 Rh5 24. h3 h6 25. c4 Bb4 26. Rd3 Kf8 27. Bf4 Ke7 28. Be3 Rd7 29. Rb3 Rh4 30. Bc2 g5 31. Rbd3 b6 32. Bb3 c5 33. Bc2 Rd6 34. b3 cxd4 35. Bxd4 Nd7 36. Be3 Rxd3 37. Rxd3 Bc5 38. Rd1 f6 39. Rd3 Ne5 40. Rd1 f5 41. Bc1 Ng6 42. Re1 Rd4 43. Kf1 Nh4 44. Ke2 Ng2 45. Rg1 Nf4+ 46. Bxf4 Rxf4 47. Rh1 h5 48. Bd1 Kf6 49. Rh2 0-1

[Event "It \"]
[Site "Basel (Switzerland)"]
[Date "2007.01.05"]
[Round "5"]
[White "Senff Martin (GER)"]
[Black "Sokolov Andrei (FRA)"]
[Result "1/2-1/2"]
[WhiteElo "2468"]
[BlackElo "2585"]
[PlyCount "86"]
[EventDate "2007.??.??"]
[Source "www.chesslib.no"]
[SourceDate "2004.05.04"]

1. d4 Nf6 2. Nc3 d5 3. Bg5 Nbd7 4. Nf3 c6 5. Qd3 h6 6. Bh4 Qa5 7. Nd2 e5 8. dxe5 Nxe5 9. Qg3 Nfd7 10. f4 Ng6 11. Qe3+ Be7 12. Bxe7 Nxe7 13. O-O-O Nf6 14. h3 Qb6 15. Qf3 Be6 16. e4 dxe4 17. Ndxe4 Nxe4 18. Qxe4 Nf5 19. Rd3 Rd8 20. Rxd8+ Kxd8 21. Bc4 Qe3+ 22. Qxe3 Nxe3 23. Bxe6 fxe6 24. g3 e5 25. fxe5 Re8 26. Re1 Rxe5 27. b3 Re7 28. Kd2 Nf5 29. Rxe7 Kxe7 30. Ne4 b6 31. g4 Nd4 32. c3 Nb5 33. Kd3 Ke6 34. c4 Nc7 35. Kd4 c5+ 36. Ke3 Na6 37. Nc3 Ke5 38. Nb5 Nb4 39. Nxa7 Nxa2 40. Nc8 Nc1 41. Nxb6 Nxb3 42. Na4 Na5 43. Nxc5 Nxc4+ 1/2-1/2

[Event "Staatsliga B"]
[Site "St. Valentin"]
[Date "2004.03.14"]
[Round "11.6"]
[White "Haba, Petr"]
[Black "Ruck, Robert"]
[Result "1/2-1/2"]
[WhiteElo "2502"]
[BlackElo "2550"]
[PlyCount "31"]
[EventDate "2003.11.08"]
[Source "Roberto Alvarez"]
[SourceDate "2004.03.22"]

1. d4 Nf6 2. Nc3 d5 3. Bg5 Nbd7 4. e3 g6 5. f4 Bg7 6. Nf3 O-O 7. Bd3 c5 8. O-O a6 9. Qe1 h6 10. Bh4 e6 11. Kh1 b5 12. a3 Qb6 13. Rd1 c4 14. Be2 a5 15. Ra1 Bb7 16. Ne5 1/2-1/2

[Event "Linares"]
[Site "Linares"]
[Date "1981.??.??"]
[Round "?"]
[White "Bellon Lopez, Juan Manuel"]
[Black "Spassky, Boris V"]
[Result "0-1"]
[WhiteElo "2415"]
[BlackElo "2635"]
[PlyCount "62"]
[EventDate "1981.01.??"]
[Source "ChessBase"]

1. Nc3 d5 2. d4 Nf6 3. Bg5 h6 4. Bh4 Bf5 5. f3 c6 6. Qd2 Nbd7 7. Nh3 Bxh3 8. gxh3 e5 9. dxe5 Nxe5 10. Qe3 Nfg4 11. hxg4 Qxh4+ 12. Qf2 Qf6 13. a3 Nc4 14. Nd1 Nxb2 15. Qe3+ Be7 16. Nxb2 Qxb2 17. Rd1 Qxa3 18. Qxa3 Bxa3 19. e4 dxe4 20. fxe4 b5 21. Bg2 Rd8 22. Ke2 Ke7 23. e5 Rxd1 24. Rxd1 Rc8 25. h4 a5 26. Rd3 b4 27. Rd4 a4 28. Kd3 c5 29. Rf4 Bb2 30. Bd5 Rd8 31. c4 bxc3 0-1

[Event "Corr"]
[Site "?"]
[Date "1996.11.01"]
[Round "?"]
[White "Reynolds Prof.Robert I.(USA)"]
[Black "Finocchiaro Fabio (ITA)"]
[Result "0-1"]
[WhiteElo "2565"]
[BlackElo "2485"]
[PlyCount "84"]
[EventDate "1996.??.??"]
[Source "www.chesslib.no"]
[SourceDate "2004.05.04"]

1. d4 Nf6 2. Nc3 d5 3. Bg5 Nbd7 4. Nf3 g6 5. e3 Bg7 6. Be2 O-O 7. O-O c6 8. h3 Re8 9. Bf4 b6 10. Ne5 Nxe5 11. Bxe5 Bh6 12. Bf3 Nd7 13. Bf4 Bxf4 14. exf4 Ba6 15. Re1 e6 16. Ne2 Rc8 17. c3 Qf6 18. Qd2 c5 19. g4 Rc7 20. Ng3 cxd4 21. cxd4 Rec8 22. f5 Rc2 23. Qf4 Nf8 24. g5 Qd8 25. f6 h6 26. h4 Rxb2 27. Rac1 Rbc2 28. Rxc2 Rxc2 29. Re5 Nd7 30. h5 hxg5 31. Rxg5 Qxf6 32. Qe3 Rc3 33. Rxg6+ Qxg6 34. Qxc3 Qd3 35. Qc7 Qxf3 36. Qxd7 Bc4 37. a4 Qf6 38. Qxa7 Qxd4 39. Qe7 Qf4 40. Qd8+ Kg7 41. h6+ Kh7 42. Qxb6 d4 0-1

[Event "Lewkowitz Memorial B"]
[Site "Lewkowitz Memorial B"]
[Date "1994.??.??"]
[Round "?"]
[White "Podkrajsek, Janez"]
[Black "DeMauro, Joseph A"]
[Result "1/2-1/2"]
[WhiteElo "2540"]
[BlackElo "2510"]
[PlyCount "96"]
[EventDate "1994.??.??"]
[Source "www.chesslib.no"]
[SourceDate "2004.05.04"]

1. d4 Nf6 2. Nc3 d5 3. Bg5 Nbd7 4. Nf3 g6 5. Qd2 h6 6. Bf4 c6 7. Ne5 Bg7 8. O-O-O Nh5 9. e3 Nxf4 10. exf4 Qa5 11. Bd3 Nxe5 12. fxe5 Be6 13. f4 O-O-O 14. Qf2 c5 15. f5 cxd4 16. Nb5 gxf5 17. Qxd4 Kb8 18. Rhf1 f6 19. exf6 Bxf6 20. Qf4+ Kc8 21. Kb1 Bd7 22. c4 e5 23. Qf2 Kb8 24. Bxf5 Bxb5 25. cxb5 Rhf8 26. Qc5 e4 27. Rxd5 b6 28. Qc6 Rxd5 29. Qxd5 Qb4 30. Qb3 Qxb3 31. axb3 Be5 32. g3 e3 33. Bd3 Rd8 34. Kc2 Bxb2 35. Rf4 Bd4 36. Re4 Rc8+ 37. Bc4 Rd8 38. b4 Bf6 39. Rxe3 Rd4 40. Rf3 Be5 41. Kb3 Kc7 42. Rf5 Kd6 43. Rf8 h5 44. Re8 Bg7 45. Ra8 h4 46. Rxa7 Bf6 47. Rb7 Bd8 48. Kc3 hxg3 1/2-1/2

[Event "New York"]
[Site "?"]
[Date "1989.??.??"]
[Round "?"]
[White "Smyslov, V."]
[Black "Gufeld, E."]
[Result "1/2-1/2"]
[WhiteElo "2560"]
[BlackElo "2490"]
[PlyCount "95"]
[EventDate "1989.??.??"]
[Source "ChessBase"]
[SourceDate "1989.01.01"]

1. d4 Nf6 2. Nc3 d5 3. Bg5 Nbd7 4. Nf3 g6 5. Qd3 Bg7 6. e4 dxe4 7. Nxe4 O-O 8. Nxf6+ Nxf6 9. Be2 c5 10. dxc5 Qa5+ 11. c3 Qxc5 12. O-O Be6 13. Qd4 Qa5 14. a3 h6 15. Bxf6 Bxf6 16. Qe3 Bg7 17. Nd4 Bd5 18. Rfd1 Rad8 19. Rd2 e5 20. Nf3 Bb3 21. Re1 a6 22. Bf1 Qc7 23. h3 Rxd2 24. Nxd2 Bd5 25. c4 Bc6 26. c5 f5 27. Nc4 e4 28. b4 Kh7 29. Nd6 Be5 30. Rd1 Qe7 31. Qb3 f4 32. a4 e3 33. b5 exf2+ 34. Kh1 axb5 35. axb5 Bd7 36. Qf3 Bxd6 37. Rxd6 Bxb5 38. Qxf2 Bxf1 39. Qxf1 f3 40. gxf3 Rf7 41. Qg1 Rg7 42. Qd4 Qe2 43. f4 Qf1+ 44. Kh2 h5 45. Rd7 Rxd7 46. Qxd7+ Kh6 47. Qd4 Kh7 48. Qd7+ 1/2-1/2

[Event "Cappelle Open"]
[Site "Cappelle la Grande FRA"]
[Date "1995.??.??"]
[Round "3"]
[White "Kogan, Artur"]
[Black "Savchenko, Stanislav"]
[Result "1/2-1/2"]
[WhiteElo "2465"]
[BlackElo "2585"]
[PlyCount "70"]
[EventDate "1995.03.??"]
[Source "www.chesslib.no"]
[SourceDate "2004.05.04"]

1. d4 d5 2. Nc3 Nf6 3. Bg5 e6 4. e3 c5 5. Nf3 Nc6 6. Bb5 Be7 7. O-O O-O 8. dxc5 Bxc5 9. Qe2 Be7 10. Rfd1 a6 11. Bd3 Nd7 12. Bxe7 Qxe7 13. e4 d4 14. Nb1 e5 15. Nbd2 Nc5 16. a4 Bg4 17. h3 Bh5 18. Bc4 Rad8 19. Rdc1 Rd6 20. Ra3 Rfd8 21. Qf1 Nb4 22. Ne1 Qg5 23. Nef3 Qe7 24. Ne1 Rc8 25. Nd3 Ncxd3 26. cxd3 Rdc6 27. a5 Kh8 28. Raa1 h6 29. Qe1 Kh7 30. Qf1 R6c7 31. Nb3 f6 32. Nd2 Bf7 33. b3 Bh5 34. g3 Bf7 35. Kh2 Kh8 1/2-1/2

[Event "Nordic-ch"]
[Site "Aarhus"]
[Date "2003.09.06"]
[Round "1"]
[White "Hector, Jonny"]
[Black "Palo, Davor"]
[Result "1-0"]
[WhiteElo "2538"]
[BlackElo "2510"]
[PlyCount "133"]
[EventDate "2003.09.06"]
[Source "ChessBase"]
[SourceDate "2004.02.03"]

1. d4 Nf6 2. Nc3 d5 3. Bg5 c6 4. Qd3 Qa5 5. Bd2 Na6 6. Rc1 g6 7. f3 Bg7 8. e4 Nb4 9. Qe3 dxe4 10. Nxe4 Nfd5 11. Qb3 Qxa2 12. Qxa2 Nxa2 13. Ra1 Nab4 14. Kd1 b5 15. c3 Na6 16. f4 Nac7 17. Ra5 Bf5 18. Nc5 Ne6 19. Nxe6 Bxe6 20. Kc2 O-O 21. Nf3 Rfc8 22. Bd3 a6 23. Rha1 c5 24. dxc5 Rxc5 25. Rxb5 Rxb5 26. Bxb5 Nb4+ 27. cxb4 Rc8+ 28. Bc3 axb5 29. Ra7 Bf5+ 30. Kd2 Rd8+ 31. Ke2 Rc8 32. Nd4 Bxd4 33. Bxd4 Re8 34. Ke3 Bc8 35. Bc5 f6 36. Kd4 Kf7 37. Kd5 Be6+ 38. Kc6 Bc4 39. b3 Bf1 40. g3 Bd3 41. Rd7 Be2 42. Rd2 Bf1 43. g4 h5 44. g5 h4 45. Rd1 Be2 46. Re1 Bf3+ 47. Kxb5 e5 48. Kb6 fxg5 49. fxg5 Ke6 50. Kc7 Rh8 51. b5 Rh7+ 52. Kb6 Bd5 53. Rf1 Bxb3 54. Rf6+ Kd5 55. Rxg6 Bc2 56. Rd6+ Kc4 57. Bf2 Be4 58. Rc6+ Kd3 59. Re6 h3 60. Rxe5 Rf7 61. Bc5 Rf1 62. Bd6 Rg1 63. Kc7 Rc1+ 64. Rc5 Rxc5+ 65. Bxc5 Kc4 66. b6 Kxc5 67. g6 1-0

[Event "Mind Sports Games - Rapid Ind"]
[Site "Pechino CINA"]
[Date "2008.10.06"]
[Round "6"]
[White "Markos, J."]
[Black "Nolte, R."]
[Result "1/2-1/2"]
[WhiteElo "2557"]
[BlackElo "2489"]
[PlyCount "117"]
[EventDate "2008.10.05"]
[Source "www.chesslib.no"]
[SourceDate "2004.05.04"]

1. d4 Nf6 2. Nc3 d5 3. Bg5 Nbd7 4. Qd3 h6 5. Bh4 e6 6. e4 dxe4 7. Nxe4 Be7 8. Nxf6+ Bxf6 9. Bxf6 Qxf6 10. Nf3 c5 11. O-O-O cxd4 12. Qxd4 Qxd4 13. Rxd4 Ke7 14. Be2 a6 15. Rhd1 b5 16. h4 Ra7 17. a4 bxa4 18. Rxa4 Rc7 19. Ra3 Nc5 20. Ne5 Bb7 21. b4 Ne4 22. f3 Ng3 23. Bxa6 Bxa6 24. Rxa6 Rhc8 25. Rd2 Nf1 26. Re2 Ng3 27. Rf2 Nf5 28. b5 Nd4 29. b6 Rxc2+ 30. Rxc2 Rxc2+ 31. Kb1 Rc5 32. Ra7+ Kd6 33. Nxf7+ Kc6 34. b7 Rb5+ 35. Kc1 Kc7 36. b8=Q+ Kxb8 37. Rd7 Nf5 38. h5 Nh4 39. Nd6 Rc5+ 40. Kb2 Rd5 41. Rb7+ Ka8 42. Rb6 Nxg2 43. Nb5 Rd7 44. Kc3 Nf4 45. Kc4 Nxh5 46. Kc5 Nf6 47. Kc6 Re7 48. Ra6+ Kb8 49. Rb6+ Ka8 50. Nd4 e5 51. Nf5 Re6+ 52. Kb5 Rxb6+ 53. Kxb6 h5 54. Nxg7 h4 55. Nf5 h3 56. Ng3 h2 57. Kc6 e4 58. fxe4 Nxe4 59. Nh1 1/2-1/2

[Event "Voronezh op 6th"]
[Site "Voronezh"]
[Date "2002.06.17"]
[Round "5"]
[White "Bezgodov, Alexei"]
[Black "Zakharstov, Viacheslav V"]
[Result "1/2-1/2"]
[WhiteElo "2518"]
[BlackElo "2526"]
[PlyCount "79"]
[EventDate "2002.06.12"]
[Source "ChessBase"]
[SourceDate "2002.07.08"]

1. d4 d5 2. Nc3 Nf6 3. Bg5 Nbd7 4. f3 c5 5. e4 dxe4 6. dxc5 Qa5 7. Qd2 exf3 8. Nxf3 a6 9. a3 Qxc5 10. O-O-O e6 11. Bd3 Be7 12. h4 h6 13. Bxf6 Nxf6 14. Ne4 Nxe4 15. Bxe4 f5 16. Bd3 O-O 17. Qe2 Bf6 18. Rhe1 e5 19. Bc4+ Kh7 20. Ng5+ Kh8 21. Bb3 Qe7 22. Qh5 Bd7 23. Nf7+ Kh7 24. Ng5+ Bxg5+ 25. hxg5 Be8 26. Qh4 Bg6 27. Rh1 Rad8 28. Bd5 Rd6 29. c4 Rfd8 30. Rde1 b5 31. gxh6 Qxh4 32. Rxh4 bxc4 33. Bxc4 e4 34. hxg7+ Kxg7 35. b3 Bf7 36. Bxf7 Kxf7 37. g4 Rc8+ 38. Kb1 Rd3 39. gxf5 Rxb3+ 40. Ka2 1/2-1/2

[Event "K0004, DESC"]
[Site "?"]
[Date "1999.??.??"]
[Round "?"]
[White "Nittschalk, Karl"]
[Black "Birzer, Lothar"]
[Result "0-1"]
[WhiteElo "2515"]
[BlackElo "2525"]
[PlyCount "46"]
[EventDate "1999.??.??"]
[Source "www.chesslib.no"]
[SourceDate "2004.05.04"]

1. d4 d5 2. Nc3 Nf6 3. Bg5 Nc6 4. e3 Bg4 5. Be2 Bxe2 6. Ngxe2 e6 7. a3 Be7 8. Nf4 O-O 9. h3 Na5 10. b3 h6 11. Bxf6 Bxf6 12. O-O c5 13. Nh5 b6 14. Nxf6+ Qxf6 15. Ne2 Nc6 16. dxc5 bxc5 17. c4 dxc4 18. bxc4 Rfd8 19. Qc2 Rab8 20. Rfd1 Rb2 21. Rxd8+ Nxd8 22. Qd3 Rxe2 23. Rb1 Qxf2+ 0-1

[Event "Hotel Agro GM"]
[Site "Budapest"]
[Date "1999.08.07"]
[Round "9"]
[White "Tolnai, Tibor"]
[Black "Acs, Peter"]
[Result "1/2-1/2"]
[WhiteElo "2514"]
[BlackElo "2525"]
[PlyCount "54"]
[EventDate "1999.08.05"]
[Source "ChessBase"]
[SourceDate "1999.12.01"]

1. d4 d5 2. Nc3 Nf6 3. Bg5 Nbd7 4. e3 c6 5. Nf3 Qa5 6. Bxf6 Nxf6 7. Bd3 Bg4 8. h3 Bh5 9. g4 Bg6 10. Ne5 e6 11. a3 Bd6 12. f4 c5 13. O-O c4 14. Be2 Ne4 15. f5 Nxc3 16. bxc3 f6 17. Nxc4 dxc4 18. fxg6 Qg5 19. Kg2 Rc8 20. Bf3 hxg6 21. Bxb7 Rb8 22. Qf3 f5 23. Rab1 Qd8 24. Qc6+ Ke7 25. Qf3 Ke8 26. Qc6+ Ke7 27. Qf3 Ke8 1/2-1/2

[Event "Kiev (Ukraine)"]
[Site "?"]
[Date "1970.??.??"]
[Round "?"]
[White "Alburt Lev O"]
[Black "Podgaets Mikhail"]
[Result "1-0"]
[WhiteElo "2550"]
[BlackElo "2487"]
[PlyCount "85"]
[EventDate "1970.??.??"]
[Source "www.chesslib.no"]
[SourceDate "2004.05.04"]

1. d4 Nf6 2. Nc3 d5 3. Bg5 Nbd7 4. Nf3 h6 5. Bh4 e6 6. e4 dxe4 7. Nxe4 Be7 8. Nxf6+ Bxf6 9. Bxf6 Qxf6 10. Bd3 c5 11. Qe2 cxd4 12. O-O-O a6 13. Rhe1 Nc5 14. Bc4 O-O 15. Qe5 Qxe5 16. Rxe5 Nd7 17. Ra5 b6 18. Ra3 Bb7 19. Rxd4 Nf6 20. Ne5 b5 21. Bf1 Rfc8 22. Ra5 Nd5 23. Be2 Rc7 24. Bf3 g5 25. g3 Rac8 26. Rd2 Kg7 27. Bxd5 Bxd5 28. Rxa6 Be4 29. c3 b4 30. Rd4 Bb7 31. Ra7 bxc3 32. b3 Bd5 33. Rxc7 Rxc7 34. Kc2 f6 35. Nc4 Bf3 36. Kxc3 f5 37. a4 Kf6 38. a5 Ke7 39. Rd2 f4 40. a6 fxg3 41. fxg3 Ra7 42. Ra2 Bc6 43. Kb4 1-0

[Event "RUS-chT"]
[Site "Tomsk"]
[Date "2001.05.16"]
[Round "4"]
[White "Labunskiy, Dmitry"]
[Black "Vladimirov, Evgeny"]
[Result "0-1"]
[WhiteElo "2424"]
[BlackElo "2612"]
[PlyCount "69"]
[EventDate "2001.05.13"]
[Source "ChessBase"]
[SourceDate "2001.07.03"]

1. d4 Nf6 2. Nc3 d5 3. Bg5 h6 4. Bxf6 exf6 5. e3 f5 6. Bd3 c6 7. Nf3 Bd6 8. Ne2 Qe7 9. O-O g6 10. c4 dxc4 11. Bxc4 Nd7 12. Nf4 b6 13. Qd3 a6 14. Rfe1 Kf8 15. Qc3 Bb4 16. Qc2 Bxe1 17. Rxe1 Bb7 18. e4 fxe4 19. Rxe4 Qf6 20. Nd3 g5 21. Nfe5 Nxe5 22. Nxe5 Kg7 23. Bxf7 Rad8 24. h4 c5 25. d5 Bxd5 26. Bxd5 Rxd5 27. Ng4 Qd6 28. Ne3 Rd2 29. Qc3+ Kh7 30. Re5 Rf8 31. hxg5 Rdxf2 32. gxh6 R8f7 33. Rg5 Qd4 34. Qxd4 cxd4 35. Ng4 0-1

[Event "JUG-chT"]
[Site "Niksic"]
[Date "1997.??.??"]
[Round "11"]
[White "Kosic, Dragan"]
[Black "Nikcevic, Nebojsa"]
[Result "0-1"]
[WhiteElo "2510"]
[BlackElo "2525"]
[PlyCount "59"]
[EventDate "1997.08.27"]
[Source "ChessBase"]
[SourceDate "1997.09.26"]

1. d4 Nf6 2. Nc3 d5 3. Bg5 Nbd7 4. f3 c6 5. Qd2 e5 6. dxe5 Nxe5 7. e4 Be7 8. O-O-O O-O 9. f4 Ng6 10. e5 Ne8 11. Bxe7 Nxe7 12. Nf3 Bg4 13. Be2 Nc7 14. h3 Bxf3 15. Bxf3 f5 16. exf6 Rxf6 17. g4 Ng6 18. f5 Ne5 19. Be2 Qe7 20. Rhf1 Raf8 21. Qe3 a6 22. Rde1 Qd6 23. Rd1 Qe7 24. Na4 Re8 25. g5 Rff8 26. h4 Nb5 27. Qg3 Kh8 28. Rde1 Nd4 29. Bg4 Qb4 30. Rxe5 0-1

[Event "TCh-CZE Extraliga 2003-4"]
[Site "Czech Rep"]
[Date "2004.01.10"]
[Round "5"]
[White "Velicka, Petr"]
[Black "Dydyshko, Viacheslav"]
[Result "0-1"]
[WhiteElo "2458"]
[BlackElo "2574"]
[PlyCount "70"]
[EventDate "2004.01.08"]
[Source "Roberto Alvarez"]
[SourceDate "2004.04.05"]

1. d4 Nf6 2. Nc3 d5 3. Bg5 Nbd7 4. Qd3 h6 5. Bh4 c6 6. O-O-O Qa5 7. Kb1 b5 8. e4 b4 9. e5 bxc3 10. exf6 Nxf6 11. Bxf6 exf6 12. Ne2 cxb2 13. Qe3+ Kd8 14. Nf4 Bd6 15. Qf3 Rb8 16. Nh5 Rb4 17. Nxg7 Ra4 18. Qxf6+ Be7 19. Ne6+ fxe6 20. Qxh8+ Kd7 21. Bc4 dxc4 22. Qe5 Rxa2 23. Qxa5 Rxa5 24. Kxb2 Rf5 25. f3 a5 26. Rhe1 c3+ 27. Ka2 Ba6 28. Re5 Bc4+ 29. Kb1 a4 30. Rxf5 exf5 31. Re1 a3 32. Re3 Bb4 33. f4 Kd6 34. Rh3 Kd5 35. Ka1 a2 0-1